Hearing a different drummer: a new paradigm for the 'keepers of the forest' (Record no. 76148)

MARC details
000 -LEADER
fixed length control field 01119nam a2200205 a 4500
008 - FIXED-LENGTH DATA ELEMENTS--GENERAL INFORMATION
fixed length control field 081203s2007 ||||||||||||||||| || u
020 ## - INTERNATIONAL STANDARD BOOK NUMBER
International Standard Book Number 9781843696681
050 ## - LIBRARY OF CONGRESS CALL NUMBER
Classification number SD 414.C4 Stu
100 ## - MAIN ENTRY--PERSONAL NAME
Personal name Studley, John
245 10 - TITLE STATEMENT
Title Hearing a different drummer: a new paradigm for the 'keepers of the forest'
Statement of responsibility, etc. John Studley
260 ## - PUBLICATION, DISTRIBUTION, ETC.
Place of publication, distribution, etc. London:
Name of publisher, distributor, etc. International Institute for Environment and Development
Date of publication, distribution, etc. 2007
300 ## - PHYSICAL DESCRIPTION
Extent xv, 80 pages : illustrations ; maps, etc.
350 ## -
-- 0.00
650 ## - SUBJECT ADDED ENTRY--TOPICAL TERM
Topical term or geographic name entry element FOREST CONSERVATION--CHINA--KHAM
650 ## - SUBJECT ADDED ENTRY--TOPICAL TERM
Topical term or geographic name entry element FORESTRY
650 ## - SUBJECT ADDED ENTRY--TOPICAL TERM
Topical term or geographic name entry element FOREST ECOLOGY--CHINA--KHAM
995 ## -
-- ANNEX COLLECTION (Main Library)
-- 0.00
-- 740920
-- CBU-MAIN LIBRARY (Kitwe)
-- 1
-- 0.00
-- SD 414.C4 STU
-- 3
-- AVAILABLE
-- Mar 16, 2010
-- 740920
-- Annex Low-Usage Collection
995 ## -
-- ANNEX COLLECTION (Main Library)
-- 0.00
-- 740919
-- CBU-MAIN LIBRARY (Kitwe)
-- 1
-- 0.00
-- SD 414.C4 STU
-- 2
-- AVAILABLE
-- Mar 16, 2010
-- 740919
-- Annex Low-Usage Collection
995 ## -
-- ANNEX COLLECTION (Main Library)
-- 0.00
-- 739192
-- CBU-MAIN LIBRARY (Kitwe)
-- 1
-- 0.00
-- SD 414.C4 STU
-- 1
-- AVAILABLE
-- Mar 18, 2009
-- 739192
-- Annex Low-Usage Collection
999 ## -
-- 76148
-- 76148
Holdings
Withdrawn status Lost status Source of classification or shelving scheme Damaged status Not for loan Permanent Location Current Location Date acquired Full call number Barcode Date last seen Copy number Price effective from Koha item type Shelving location Total Checkouts
Withdrawn         CBU-MAIN LIBRARY, KITWE. CBU-MAIN LIBRARY, KITWE. 04/25/2023 SD 414.C4 Stu 740920 04/25/2023 1 04/25/2023 MONOGRAPH    
          CBU-MAIN LIBRARY, KITWE. CBU-MAIN LIBRARY, KITWE. 04/25/2023 SD 414.C4 Stu 740919 04/25/2023 2 04/25/2023 MONOGRAPH    
          CBU-MAIN LIBRARY, KITWE. CBU-MAIN LIBRARY, KITWE. 04/25/2023 SD 414.C4 Stu 739192 04/25/2023 3 04/25/2023 MONOGRAPH